| 000 | 01385nac a22002891u 4500 | ||
|---|---|---|---|
| 010 | _a 2004274770 | ||
| 020 | _a071399664(pbk.) | ||
| 035 | _a(OCoLC)ocm51938065 | ||
| 082 | 0 | 4 |
_a337 _bSTI |
| 090 |
_c5062 _d5062 |
||
| 100 | _aStiglitz, Joseph E. | ||
| 245 | 1 | 0 |
_aGlobalization and its discontents / _cJoseph E. Stiglitz. |
| 260 |
_aNew York : _bW.W. Norton,2002. _cc2002. |
||
| 300 |
_axxii, 288 p. ; _c22 cm. |
||
| 500 | _a"With a new afterword"--Cover. | ||
| 504 | _aIncludes bibliographical references and index. | ||
| 505 | 0 | _aThe promise of global institutions -- Broken promises -- Freedom to choose? -- The East Asian crisis : how IMF policies brought the world to the verge of a global meltdown -- Who lost Russia? -- Unfair trade laws and other mischief -- Better roads to the market -- The IMF's other agenda -- The way ahead. | |
| 610 | 2 | 0 |
_aInternational Monetary Fund _zDeveloping countries. |
| 650 | 0 | _aInternational economic integration. | |
| 650 | 0 | _aForeign trade regulation. | |
| 650 | 0 | _aInternational finance. | |
| 650 | 0 |
_aGlobalization _xEconomic aspects. |
|
| 651 | 0 |
_aUnited States _xCommercial policy. |
|
| 856 | _qTable of contents http://www.loc.gov/catdir/toc/fy035/2002023148.html | ||
| 942 |
_cBB _k337STI |
||
| 999 |
_c5062 _d5062 |
||